The Collected poetry of Malcolm Lowry / (Record no. 9910)

MARC details
000 -LEADER
campo de control de longitud fija 00753nam a2200241 i 4500
001 - NÚMERO DE CONTROL
campo de control 9910
003 - IDENTIFICADOR DE NÚMERO DE CONTROL
campo de control ES-MaACL
005 - FECHA Y HORA DE LA ÚLTIMA TRANSACCIÓN
campo de control 20230906145800.0
007 - CAMPO FIJO DE DESCRIPCIÓN FÍSICA--INFORMACIÓN GENERAL
campo de control de longitud fija t|
008 - DATOS DE LONGITUD FIJA--INFORMACIÓN GENERAL
campo de control de longitud fija 940506s1992 xxc ||||1| eng d
020 ## - NÚMERO INTERNACIONAL ESTÁNDAR DEL LIBRO
Número Internacional Estándar del Libro 0-7748-0362-2
080 ## - NÚMERO DE LA CLASIFICACIÓN DECIMAL UNIVERSAL
Número de la Clasificación Decimal Universal 82(Lowry,M.3.01)
080 ## - NÚMERO DE LA CLASIFICACIÓN DECIMAL UNIVERSAL
Número de la Clasificación Decimal Universal 82-14"19"
100 1# - ENTRADA PRINCIPAL--NOMBRE DE PERSONA
Nombre de persona Lowry, Malcolm.
9 (RLIN) 74391
245 14 - MENCIÓN DEL TÍTULO
Título The Collected poetry of Malcolm Lowry /
Mención de responsabilidad, etc. edited and introduced by Kathleen Scherf ; with explanatory annotation by Chris Ackerley.
260 ## - PUBLICACIÓN, DISTRIBUCIÓN, ETC.
Lugar de publicación, distribución, etc. Vancouver :
Nombre del editor, distribuidor, etc. UBC Press,
Fecha de publicación, distribución, etc. cop. 1992.
300 ## - DESCRIPCIÓN FÍSICA
Extensión XVII, 418 p. ;
Dimensiones 24 cm.
500 ## - NOTA GENERAL
Nota general Indices.
504 ## - NOTA DE BIBLIOGRAFÍA, ETC.
Nota de bibliografía, etc. Bibliografía: p. 393-400.
700 1# - ENTRADA AGREGADA--NOMBRE PERSONAL
Nombre de persona Scherf, Kathleen.
9 (RLIN) 104313
700 1# - ENTRADA AGREGADA--NOMBRE PERSONAL
Nombre de persona Ackerley, Chris.
9 (RLIN) 18275
852 ## - LOCALIZACIÓN
Ubicación ES-MaACL
Número de control de estantería L-17354
Sublocalización o colección R.122522
Holdings
Estatus retirado Estado de pérdida Estado de daño No para préstamo Biblioteca de origen Biblioteca actual Ubicación en estantería Fecha de adquisición Fuente de adquisición Total de préstamos Signatura topográfica completa Código de barras Visto por última vez Precio de reemplazo Tipo de ítem Koha
        Biblioteca del Ateneo de Madrid Biblioteca del Ateneo de Madrid Depósito 2 17/01/2008     L-17354 1010117 23/02/2023 23/02/2023 Libro impreso